00510nam a2200205 a 4500001001300000003000900013005001700022008004100039020001000080082001900090100001900109245001500128260004000143300000900183500003500192505001000227650002800237650002000265700001900285nice12345678IN_TiNIC20260116013552.0050524s1999 muma grp 000 0 eng  ac13000a305.80954bMUR aMuricken, Ajit aMillennium aMumbaibVikas Adhyayan Kendrac1999 a207p aincludes index and biblioraphy2 aIndex aIndia-Social Conditions aBadal Sen Gupta1 aMuricken, Ajit